000 00509nam a2200181Ia 4500
005 20250326141120.0
008 250326s9999 xx 000 0 und d
037 _aTextbook
040 _aFMSL
_beng
_cFMSL
041 _aeng
_2eng
084 _qFMSL
100 _aFatehi K
_9743747
245 0 _aInternational management: A cross cultural and functional perspective
_cFatehi K
260 _aNew Jersey
_bNew Jersey, Prentice-Hall
_c1996
300 _a652p
942 _cTB
999 _c1288771
_d1288771